000 00353 a2200157 4500
001 45981
020 _a
040 _cAnchieta - Aquarius
100 _aBrasileiro, Jonar
240 1 0 _aO presente de Zé Doidinho
_lpor
245 1 0 _aO presente de Zé Doidinho
300 _a
362 0 _a2001
650 4 _aLiteratura infanto-juvenil
942 _cBK
999 _c45981
_d45981